000 00393nam a2200157Ia 4500
008 160316s1992 xxu||||| |||| 00| 0 eng d
082 _a348.000000
_bARO-XI
100 _aArora O P
245 _aThe civil court manual.Vol.11 : Central acts
250 _a12th
260 _aMadras
_bMadras Law Journal Office
_c1992
300 _a724p
_b
_c
365 _bRs.250/-
650 _a
700 _a
_a
999 _c7641
_d7641